Os carpiens - Statistiques

Statistiques générales
  • Ce quiz a été pris 39 fois
  • Le résultat moyen est 7 sur 8
Statistiques - réponses
Os % Correct
Trapèze
92%
Trapézoïde
92%
Pisiforme
88%
Triquetrum
88%
Capitatum
83%
Hamatum
83%
Lunatum
83%
Scaphoïde
79%
Aucun quiz correspondant
Distribution des résultats
% des personnes avec chaque résultat
Percentile par nombre de réponses
Votre historique - résultats
Vous n’avez pas pris ce quiz